[Event "Girona-ch"]
[Site "Sant Gregori"]
[Date "2019.12.01"]
[Round "7"]
[White "Gonzalez Escudero, Josep"]
[Black "Castillo Fernandez, Carles"]
[Result "1-0"]
[WhiteElo "1929"]
[BlackElo "2078"]
[PlyCount "57"]
[EventDate "2019.10.13"]
[EventType "swiss"]
[EventRounds "9"]
[EventCountry "ESP"]
[SourceTitle "CBM 194 Extra"]
[Source "ChessBase"]
[SourceDate "2020.03.31"]
[SourceVersion "1"]
[SourceVersionDate "2020.03.31"]
[SourceQuality "1"]

1. e4 d6 2. d4 Nf6 3. Nc3 e5 4. Nf3 Nbd7 5. g4 Nxg4 6. Rg1 Ngf6 7. Bc4 h6 8. Be3 c6 9. Qd3 Qa5 10. dxe5 Nxe5 11. Nxe5 Qxe5 12. 0-0-0 Be6 13. f4 Qh5 14. e5 Bxc4 15. Qxc4 dxe5 16. Nb5 Rc8 17. fxe5 Nd7 18. e6 Ne5 19. Qd4 cxb5 20. exf7+ Qxf7 21. Qxe5+ Qe7 22. Qxb5+ Rc6 23. Bd4 Kf7 24. Rdf1+ Kg8 25. Qd5+ Qe6 26. Qd8 Kh7 27. Qxf8 Rxf8 28. Rxg7+ Kh8 29. Rxf8+ 1-0

[Event "Foment Martinenc op-A 20th"]
[Site "Barcelona"]
[Date "2018.05.26"]
[Round "6"]
[White "Bes Alvarez, Alex"]
[Black "Castillo Fernandez, Carles"]
[Result "0-1"]
[WhiteElo "1780"]
[BlackElo "2075"]
[PlyCount "82"]
[EventDate "2018.04.21"]
[EventType "swiss"]
[EventRounds "9"]
[EventCountry "ESP"]
[SourceTitle "CBM 184 Extra"]
[Source "ChessBase"]
[SourceDate "2018.06.28"]
[SourceVersion "1"]
[SourceVersionDate "2018.06.28"]
[SourceQuality "1"]

1. d4 d6 2. Nf3 Bg4 3. g3 Bxf3 4. exf3 e6 5. Bg2 c6 6. 0-0 g6 7. c4 d5 8. b3 Ne7 9. Bb2 Bg7 10. Na3 0-0 11. Nc2 Nd7 12. Ne3 Re8 13. f4 Nb6 14. c5 Nd7 15. b4 a5 16. a3 b6 17. Qd2 axb4 18. axb4 Qb8 19. Rfe1 Qb7 20. Reb1 Reb8 21. Bc3 Rxa1 22. Rxa1 Ra8 23. Qb2 Ra7 24. Bh3 h5 25. f3 Qa8 26. Rxa7 Qxa7 27. Kf2 Nf5 28. Bxf5 exf5 29. g4 fxg4 30. fxg4 Nf6 31. gxh5 bxc5 32. bxc5 Ne4+ 33. Kf3 Qd7 34. hxg6 Qh3+ 35. Ke2 Qxh2+ 36. Ke1 Qh1+ 37. Nf1 fxg6 38. Ba5 Ng3 39. Qf2 Qxf1+ 40. Qxf1 Nxf1 41. Kxf1 Bxd4 0-1

[Event "Foment Martinenc op-A 20th"]
[Site "Barcelona"]
[Date "2018.04.21"]
[Round "1"]
[White "Castillo Fernandez, Carles"]
[Black "Povill Claros, Laura"]
[Result "1-0"]
[WhiteElo "2075"]
[BlackElo "1839"]
[PlyCount "95"]
[EventDate "2018.04.21"]
[EventType "swiss"]
[EventRounds "9"]
[EventCountry "ESP"]
[SourceTitle "CBM 184 Extra"]
[Source "ChessBase"]
[SourceDate "2018.06.28"]
[SourceVersion "1"]
[SourceVersionDate "2018.06.28"]
[SourceQuality "1"]

1. Nf3 c5 2. c4 Nc6 3. Nc3 g6 4. g3 Bg7 5. Bg2 d6 6. a3 e6 7. b4 cxb4 8. axb4 Nxb4 9. Ba3 Nc6 10. Nb5 Bf8 11. Qa4 Nf6 12. Nfd4 d5 13. cxd5 Nxd5 14. Nxc6 bxc6 15. Nd6+ Bxd6 16. Qxc6+ Bd7 17. Qxd6 Bb5 18. Qe5 Rg8 19. e4 Nc7 20. Bd6 f6 21. Qc5 Rc8 22. Rxa7 Rg7 23. Rxc7 Rgxc7 24. Qxb5+ Qd7 25. Qxd7+ Rxd7 26. Bb4 e5 27. Bc3 Rb8 28. Ke2 Ke7 29. Ra1 Rb6 30. Bh3 Rdb7 31. Kd3 Rc6 32. Kc2 Rc4 33. f3 Rc6 34. Ra8 Kf7 35. Bc8 Rbc7 36. Ba6 Rb6 37. Bd3 Rcb7 38. Bc4+ Ke7 39. Rh8 Kd6 40. Bd5 Rc7 41. h4 Ra7 42. Re8 Kd7 43. Rf8 Kc7 44. Rf7+ Kb8 45. Rf8+ Kc7 46. Rf7+ Kb8 47. Rxa7 Kxa7 48. d4 1-0

[Event "Girona-ch"]
[Site "Banyoles"]
[Date "2016.10.12"]
[Round "3"]
[White "Castillo Fernandez, Carles"]
[Black "Tarrus Galter, Narcis"]
[Result "1/2-1/2"]
[WhiteElo "2113"]
[BlackElo "1917"]
[PlyCount "52"]
[EventDate "2016.10.02"]
[EventType "swiss"]
[EventRounds "9"]
[EventCountry "ESP"]
[SourceTitle "EXT 2018"]
[Source "ChessBase"]
[SourceDate "2017.10.13"]
[SourceVersion "1"]
[SourceVersionDate "2017.10.13"]
[SourceQuality "1"]

1. Nf3 f5 2. g3 Nf6 3. Bg2 g6 4. d4 d6 5. c4 Bg7 6. Nc3 0-0 7. 0-0 Qe8 8. b3 e5 9. dxe5 dxe5 10. e4 Nc6 11. Re1 h6 12. Nd5 fxe4 13. Nxf6+ Rxf6 14. Nd2 Bf5 15. Nxe4 Rf7 16. Bb2 Rd8 17. Qe2 Nd4 18. Bxd4 Rxd4 19. Rad1 Qd8 20. Rxd4 exd4 21. g4 Bc8 22. Nc5 c6 23. Qe8+ Qxe8 24. Rxe8+ Rf8 25. Re4 Rd8 26. Nd3 g5 1/2-1/2

[Event "Llinars del Valles op-A 9th"]
[Site "Llinars del Valles"]
[Date "2015.05.30"]
[Round "7"]
[White "Castillo Fernandez, Carles"]
[Black "Vilalta Vidal, Javier"]
[Result "1-0"]
[WhiteElo "2144"]
[BlackElo "2009"]
[PlyCount "87"]
[EventDate "2015.04.11"]
[EventType "swiss"]
[EventRounds "9"]
[EventCountry "ESP"]
[SourceTitle "EXT 2016"]
[Source "ChessBase"]
[SourceDate "2015.10.08"]
[SourceVersion "1"]
[SourceVersionDate "2015.10.08"]
[SourceQuality "1"]

1. Nf3 d5 2. c4 c6 3. g3 Nf6 4. Bg2 Bf5 5. 0-0 e6 6. d3 h6 7. Qb3 Qb6 8. Be3 Qa6 9. Nc3 Nbd7 10. Qa4 Qxa4 11. Nxa4 dxc4 12. dxc4 Be7 13. Nd4 Be4 14. f3 Bh7 15. Bf2 0-0 16. Rfd1 Nc5 17. Nxc5 Bxc5 18. e4 Rfd8 19. Nb3 Bxf2+ 20. Kxf2 Nd7 21. Na5 Nc5 22. Ke3 e5 23. Bh3 Bg6 24. b4 Na4 25. a3 Nb2 26. Rdb1 b6 27. Rxb2 bxa5 28. bxa5 Rd4 29. Bf1 Rad8 30. g4 f6 31. Rb7 Bf7 32. Rc1 Rd2 33. Rcb1 R8d4 34. Rxa7 Ra2 35. Rb8+ Kh7 36. Rxf7 Rd1 37. Rbb7 Rxf1 38. Rxg7+ Kh8 39. Rgd7 Re1+ 40. Kd3 Rd1+ 41. Kc3 Rxa3+ 42. Kb4 Rxd7 43. Rxd7 Rxf3 44. a6 1-0

[Event "Llinars del Valles op-A 9th"]
[Site "Llinars del Valles"]
[Date "2015.05.16"]
[Round "6"]
[White "Ten Gomez, Sergi"]
[Black "Castillo Fernandez, Carles"]
[Result "0-1"]
[WhiteElo "1806"]
[BlackElo "2144"]
[PlyCount "72"]
[EventDate "2015.04.11"]
[EventType "swiss"]
[EventRounds "9"]
[EventCountry "ESP"]
[SourceTitle "EXT 2016"]
[Source "ChessBase"]
[SourceDate "2015.10.08"]
[SourceVersion "1"]
[SourceVersionDate "2015.10.08"]
[SourceQuality "1"]

1. e4 d6 2. d4 Nf6 3. Nc3 c6 4. f4 Qa5 5. Bd3 e5 6. fxe5 dxe5 7. dxe5 Ng4 8. h3 Nxe5 9. Be3 Ba3 10. Qc1 Qxc3+ 11. bxc3 Bxc1 12. Rxc1 Be6 13. Ne2 Bxa2 14. Ra1 Bc4 15. Rxa7 Rxa7 16. Bxa7 Nbd7 17. Kd2 Kd8 18. Be3 f6 19. Rb1 Kc7 20. Nd4 Ra8 21. Bf4 Bf7 22. Rb2 g6 23. Nf3 Ra1 24. Rb4 c5 25. Rb2 b6 26. Bb5 Kb7 27. Ne1 Bc4 28. Bxd7 Nxd7 29. Bd6 Kc6 30. Be7 Bf1 31. Bd8 Ra8 32. Bxf6 Nxf6 33. e5 Ne4+ 34. Ke3 Nxc3 35. Rb3 Nd5+ 36. Ke4 Ra1 0-1

[Event "Llinars del Valles op-A 9th"]
[Site "Llinars del Valles"]
[Date "2015.05.09"]
[Round "5"]
[White "Ortega Serra, Marc"]
[Black "Castillo Fernandez, Carles"]
[Result "1-0"]
[WhiteElo "2223"]
[BlackElo "2144"]
[PlyCount "121"]
[EventDate "2015.04.11"]
[EventType "swiss"]
[EventRounds "9"]
[EventCountry "ESP"]
[SourceTitle "EXT 2016"]
[Source "ChessBase"]
[SourceDate "2015.10.08"]
[SourceVersion "1"]
[SourceVersionDate "2015.10.08"]
[SourceQuality "1"]

1. d4 d6 2. Nf3 Bg4 3. c4 Nd7 4. Qb3 Rb8 5. e4 e5 6. d5 Nc5 7. Qc2 Nf6 8. Nc3 a5 9. Be3 Bxf3 10. gxf3 Nfd7 11. h4 h5 12. Rg1 g6 13. Bg5 Be7 14. Bh3 Bxg5 15. Rxg5 Nf6 16. Na4 b6 17. Rg1 0-0 18. Rh1 Nxa4 19. Qxa4 Qe8 20. Qc2 a4 21. Rc1 Ra8 22. Qd2 Kh7 23. Rg1 Qe7 24. Ke2 Ng8 25. Rg5 Qf6 26. Rcg1 Qf4 27. Qxf4 exf4 28. Kd3 Rfe8 29. Bd7 Red8 30. Bc6 Ra5 31. Kc3 Ne7 32. Bb5 f6 33. R5g2 Kh6 34. Kb4 a3 35. b3 Rg8 36. Bd7 Rg7 37. Be6 c5+ 38. dxc6 Nxc6+ 39. Kc3 Ne5 40. Rd1 d5 41. exd5 Nxf3 42. b4 Raa7 43. c5 bxc5 44. bxc5 Ne5 45. d6 Ra5 46. Rd5 Nc6 47. f3 g5 48. d7 Nd8 49. hxg5+ Rxg5 50. Rgxg5 fxg5 51. c6 Ra7 52. Rd6 Rc7 53. Bd5+ Kg7 54. Be4 h4 55. Kb4 h3 56. Rg6+ Kf7 57. Rh6 Ke7 58. Rh7+ Kd6 59. Rh6+ Ke7 60. Kb5 h2 61. Rxh2 1-0

[Event "Girona-ch"]
[Site "Blanes"]
[Date "2015.??.??"]
[Round "7"]
[White "Castillo Fernandez, Carles"]
[Black "Ruiz Planas, Adelito"]
[Result "1-0"]
[WhiteElo "2234"]
[BlackElo "1980"]
[PlyCount "93"]
[EventDate "2015.09.27"]
[EventType "swiss"]
[EventRounds "9"]
[EventCountry "ESP"]
[SourceTitle "EXT 2017"]
[Source "ChessBase"]
[SourceDate "2016.10.25"]
[SourceVersion "1"]
[SourceVersionDate "2016.10.25"]
[SourceQuality "1"]

1. Nf3 f5 2. g3 Nf6 3. Bg2 e6 4. 0-0 d5 5. c4 c6 6. d3 dxc4 7. dxc4 Qxd1 8. Rxd1 Be7 9. Bf4 0-0 10. Nc3 Nbd7 11. Bd6 Bxd6 12. Rxd6 Nc5 13. Rad1 a5 14. Ne5 Ne8 15. R6d2 Nf6 16. b3 Rb8 17. h3 Re8 18. Na4 Nce4 19. Bxe4 Nxe4 20. Rd4 c5 21. Rd8 Kf8 22. Kg2 Ke7 23. Rxe8+ Kxe8 24. f3 Nf6 25. Nxc5 b6 26. Nc6 Ra8 27. Rd8+ Kf7 28. Na4 Nd7 29. Rxd7+ Bxd7 30. Ne5+ Ke7 31. Nxd7 Rd8 32. Naxb6 Kd6 33. Kf2 e5 34. Ke3 g5 35. Kd3 h5 36. c5+ Kc6 37. Kc4 Re8 38. a3 e4 39. b4 exf3 40. b5+ Kb7 41. exf3 g4 42. hxg4 fxg4 43. fxg4 Re4+ 44. Kd5 Rxg4 45. Ne5 Rxg3 46. Nbc4 h4 47. b6 1-0

[Event "Girona-ch"]
[Site "Blanes"]
[Date "2015.??.??"]
[Round "6"]
[White "Subirana Rafart, Gaspar"]
[Black "Castillo Fernandez, Carles"]
[Result "0-1"]
[WhiteElo "1941"]
[BlackElo "2234"]
[PlyCount "24"]
[EventDate "2015.09.27"]
[EventType "swiss"]
[EventRounds "9"]
[EventCountry "ESP"]
[SourceTitle "EXT 2017"]
[Source "ChessBase"]
[SourceDate "2016.10.25"]
[SourceVersion "1"]
[SourceVersionDate "2016.10.25"]
[SourceQuality "1"]

1. b4 e5 2. Bb2 Bxb4 3. Bxe5 Nf6 4. e3 d5 5. Nf3 0-0 6. Be2 c5 7. c4 Nc6 8. Bb2 d4 9. exd4 cxd4 10. Qb3 Re8 11. Qd3 Bc5 12. a3 Qe7 0-1

[Event "Girona Territorial-ch"]
[Site "Girona"]
[Date "2014.11.23"]
[Round "8"]
[White "Ruiz Planas, Adelito"]
[Black "Castillo Fernandez, Carles"]
[Result "0-1"]
[WhiteElo "1975"]
[BlackElo "2243"]
[PlyCount "60"]
[EventDate "2014.10.05"]
[EventType "swiss"]
[EventRounds "9"]
[EventCountry "CAT"]
[SourceTitle "CBM 163 Extra"]
[Source "ChessBase"]
[SourceDate "2014.12.23"]
[SourceVersion "1"]
[SourceVersionDate "2014.12.23"]
[SourceQuality "1"]

1. e4 Nf6 2. e5 Nd5 3. d4 d6 4. Nf3 Bg4 5. Be2 c6 6. 0-0 Bxf3 7. Bxf3 dxe5 8. dxe5 e6 9. c4 Ne7 10. Qxd8+ Kxd8 11. Be4 Nd7 12. f4 Nc5 13. Bc2 Nf5 14. Rd1+ Kc7 15. b4 Nd7 16. a3 a5 17. b5 Bc5+ 18. Kf1 Ne3+ 19. Bxe3 Bxe3 20. g3 g5 21. fxg5 Bxg5 22. Re1 h5 23. Re2 h4 24. Kg2 hxg3 25. hxg3 Rag8 26. Kf3 Bc1 27. Nd2 Bxd2 28. Rxd2 Nxe5+ 29. Kf4 Nxc4 30. Rd4 e5+ 0-1

[Event "Girona Territorial-ch"]
[Site "Girona"]
[Date "2014.11.16"]
[Round "7"]
[White "Castillo Fernandez, Carles"]
[Black "Gonzalez Escudero, Josep"]
[Result "1/2-1/2"]
[WhiteElo "2243"]
[BlackElo "1992"]
[PlyCount "42"]
[EventDate "2014.10.05"]
[EventType "swiss"]
[EventRounds "9"]
[EventCountry "CAT"]
[SourceTitle "CBM 163 Extra"]
[Source "ChessBase"]
[SourceDate "2014.12.23"]
[SourceVersion "1"]
[SourceVersionDate "2014.12.23"]
[SourceQuality "1"]

1. Nf3 f5 2. g3 Nf6 3. Bg2 d6 4. d4 e6 5. 0-0 Be7 6. c4 0-0 7. Nc3 a5 8. Qc2 Nc6 9. e4 Nb4 10. Qe2 fxe4 11. Nxe4 Nxe4 12. Qxe4 e5 13. g4 exd4 14. Nxd4 Rb8 15. Ne6 Bxe6 16. Qxe6+ Kh8 17. a3 Nd3 18. Qe4 Nxc1 19. Raxc1 Bf6 20. b4 axb4 21. axb4 b6 1/2-1/2